[Event "SUI-ch20 email"]
[Site "SUI email"]
[Date "2006.??.??"]
[Round "?"]
[White "Corbat, Philippe"]
[Black "Saeuberli, Guy"]
[Result "1/2-1/2"]
[WhiteElo "2351"]
[BlackElo "2200"]
[PlyCount "48"]
[EventDate "2006.??.??"]
[EventType "tourn (corr)"]
[EventRounds "14"]
[EventCountry "SUI"]
[SourceTitle "Corr 2008"]
[Source "ChessBase"]
[SourceDate "2008.06.24"]
[SourceVersion "1"]
[SourceVersionDate "2008.06.24"]
[SourceQuality "1"]

1. e4 c5 2. c3 d5 3. exd5 Qxd5 4. d4 Nf6 5. Nf3 Bg4 6. Be2 e6 7. h3 Bh5 8. 0-0 Nc6 9. Be3 cxd4 10. cxd4 Be7 11. Nc3 Qd6 12. Qb3 0-0 13. Rfd1 Rfd8 14. Rac1 Qb4 15. Qxb4 Nxb4 16. g4 Bg6 17. Ne5 Rac8 18. Nxg6 hxg6 19. Bf3 Nfd5 20. Kg2 g5 21. a3 Nxc3 22. Rxc3 Nd5 23. Bxd5 Rxc3 24. bxc3 exd5 1/2-1/2

[Event "SUI-ch20 email"]
[Site "SUI email"]
[Date "2006.??.??"]
[Round "?"]
[White "Mayer, Roger"]
[Black "Saeuberli, Guy"]
[Result "1/2-1/2"]
[WhiteElo "2459"]
[BlackElo "2200"]
[PlyCount "71"]
[EventDate "2006.??.??"]
[EventType "tourn (corr)"]
[EventRounds "14"]
[EventCountry "SUI"]
[SourceTitle "Corr 2008"]
[Source "ChessBase"]
[SourceDate "2008.06.24"]
[SourceVersion "1"]
[SourceVersionDate "2008.06.24"]
[SourceQuality "1"]

1. e4 e5 2. Nf3 Nf6 3. Nxe5 d6 4. Nf3 Nxe4 5. d4 d5 6. Bd3 Nc6 7. 0-0 Be7 8. c3 0-0 9. Nbd2 f5 10. Re1 Be6 11. Qb3 Qd7 12. Qxb7 Rab8 13. Qa6 Rb6 14. Qa4 Nxd4 15. Qxd7 Nxf3+ 16. gxf3 Bxd7 17. fxe4 fxe4 18. Nxe4 dxe4 19. Bxe4 Bc5 20. Bd5+ Kh8 21. Be3 Bxe3 22. fxe3 Rxb2 23. Rab1 Rb6 24. Rf1 Rg6+ 25. Kh1 Rxf1+ 26. Rxf1 h5 27. Rf7 Rd6 28. e4 Kh7 29. Bb3 Bc6 30. Re7 Rd7 31. Re5 h4 32. Bd5 Bxd5 33. exd5 Rd6 34. Kg2 Kg6 35. c4 Kf6 36. Re2 1/2-1/2

[Event "SUI-ch20 email"]
[Site "SUI email"]
[Date "2006.??.??"]
[Round "?"]
[White "Saeuberli, Guy"]
[Black "Abegg, Beat"]
[Result "1/2-1/2"]
[WhiteElo "2200"]
[BlackElo "2358"]
[PlyCount "40"]
[EventDate "2006.??.??"]
[EventType "tourn (corr)"]
[EventRounds "14"]
[EventCountry "SUI"]
[SourceTitle "Corr 2008"]
[Source "ChessBase"]
[SourceDate "2008.06.24"]
[SourceVersion "1"]
[SourceVersionDate "2008.06.24"]
[SourceQuality "1"]

1. e4 e6 2. d4 c5 3. d5 exd5 4. exd5 d6 5. Nf3 Nf6 6. Nc3 Be7 7. Bb5+ Nbd7 8. a4 0-0 9. 0-0 a6 10. Bd3 b6 11. Re1 Bb7 12. Bf5 Re8 13. Bg5 b5 14. axb5 axb5 15. Rxa8 Bxa8 16. Nxb5 Bxd5 17. c4 Bxc4 18. Nxd6 Bxd6 19. Rxe8+ Qxe8 20. Qxd6 Be6 1/2-1/2

[Event "SUI-ch20 email"]
[Site "SUI email"]
[Date "2006.??.??"]
[Round "?"]
[White "Schneider, Hans"]
[Black "Saeuberli, Guy"]
[Result "0-1"]
[WhiteElo "2249"]
[BlackElo "2200"]
[PlyCount "88"]
[EventDate "2006.??.??"]
[EventType "tourn (corr)"]
[EventRounds "14"]
[EventCountry "SUI"]
[SourceTitle "Corr 2008"]
[Source "ChessBase"]
[SourceDate "2008.06.24"]
[SourceVersion "1"]
[SourceVersionDate "2008.06.24"]
[SourceQuality "1"]

1. e4 c5 2. Nf3 Nc6 3. d4 cxd4 4. Nxd4 Nf6 5. Nc3 e5 6. Ndb5 d6 7. Nd5 Nxd5 8. exd5 Ne7 9. c3 Nf5 10. Bd3 Be7 11. 0-0 0-0 12. Qc2 g6 13. c4 Bd7 14. b3 a6 15. Nc3 b5 16. cxb5 Nd4 17. Qd1 axb5 18. Bh6 Re8 19. a4 bxa4 20. bxa4 Bg5 21. Bxg5 Qxg5 22. Ne4 Qe7 23. a5 f5 24. Nc3 Reb8 25. Ra3 f4 26. a6 f3 27. g3 Bf5 28. Bxf5 gxf5 29. Qd3 Qa7 30. Rfa1 Rb2 31. R3a2 Rb3 32. Qd2 Kh8 33. Kh1 Rc8 34. Rc1 Rcxc3 35. Rxc3 Rb1+ 36. Rc1 Nb3 37. Rxb1 Nxd2 38. Rxd2 Qxa6 39. Rc1 Kg7 40. Rcd1 Kf6 41. Rc1 e4 42. Rcd1 Ke5 43. Kg1 f4 44. h3 fxg3 0-1